| 000 | 00714nam a2200253Ia 4500 | ||
|---|---|---|---|
| 003 | OSt | ||
| 005 | 20220928101737.0 | ||
| 006 | a|||||r|||| 00| 0 | ||
| 007 | ta | ||
| 008 | 220927b |||||||| |||| 00| 0 hin d | ||
| 020 |
_a9789388130684 _cIndian Rupees 250 |
||
| 024 | _a146836 | ||
| 037 |
_bGift, 15/06/2022, _cTextual |
||
| 040 |
_aSDCL _cSDCL _bhin |
||
| 041 |
_2hin _ahin |
||
| 082 | _aV2y7M69, R1 | ||
| 100 |
_aSingh Rajni _9394627 |
||
| 245 | 0 |
_aMahatama Gandhi _b Ishwariya ansh |
|
| 260 |
_aDelhi _bA.R. Publishing _c2021 |
||
| 300 |
_a120p. _ccm. |
||
| 650 |
_aGift _9391569 |
||
| 942 |
_hV2y7M69, R1 _cTEXL _2CC |
||
| 999 |
_c710223 _d710223 |
||